00800nam a2200241 i 450000100060000000300090000600500170001500700030003200800410003502000180007608000140009410000380010824500930014625000120023926000360025130000220028749000230030970000340033283000310036685200220039799900170041995201220043666677ES-MaACL20230906165755.0t|930108s2002 sp ||||0| spa d a84-339-1347-6 a830-4"19"1 aEnzensberger, Hans Magnus.94731510aMediocridad y delirio / cHans Magnus Enzensberg ; traducción de Michael Faber-Kaiser. a2ª ed. aBarcelona : bAnagrama, c2002. a249 p. ; c22 cm.1 aArgumentos ; v1171 aFaber-Kaiser, Michael.9485101 aArgumentos ; v1179178418 aES-MaACLjL-27153 c66677d66677 00104070aATENEOMbATENEOMcDEPO2d2008-01-17eSCl0oL-27153p1069842r2023-02-23 00:00:00w2023-02-23yMONOGRAFIA